Statistiques concernant Villes de France: Par image

Cliquez ici pour prendre le quiz!

Statistiques générales

  • Ce quiz a été pris 376 fois
  • Le résultat moyen est 9 sur 12

Statistiques - réponses

Réponse% Correct
Paris
93%
Marseille
92%
Strasbourg
92%
Lyon
88%
Bordeaux
87%
Reims
82%
Nîmes
59%
Nancy
56%
Annecy
53%
Rouen
53%
Angers
52%
Montpellier
51%

Distribution des résultats

Percentile par nombre de réponses

% des personnes avec chaque résultat

Votre développement - résultats

Vous n’avez pas pris ce quiz